| 000 | 00740cab a22002055a 4500 | ||
|---|---|---|---|
| 001 | L152792 | ||
| 008 | 110428e20110326xxk 000 0 eng d | ||
| 035 | _a(Sirsi) u152792 | ||
| 041 | 0 | _aeng | |
| 100 | 1 | _aReynolds, Dawn | |
| 245 | 0 | 0 | _aLooming Large |
| 260 | _c2011 | ||
| 490 |
_aEstates Gazette _v(1112) 26 March 2011, 108-109(2) |
||
| 520 | _aPost lease events and their effect on the level of damages a landlord can recover. Covers the relevant date for damages to be assessed and common events such as redevelopment and reinstatement. First of two articles. | ||
| 590 | _aKA | ||
| 651 | 4 |
_aUnited Kingdom _y |
|
| 690 | _aPROPERTY-LEASEHOLD PROPERTY-LANDLORD AND TENANT-DILAPIDATIONS | ||
| 700 | 1 | _aGilbert, David | |
| 942 | _n0 | ||
| 999 |
_c83095 _d83095 |
||